Quizzes
Events
Quiz Creation
Community
Videos
Private Events
Remove Ads
Sign In
Join for FREE
Feedback
Dark Mode
Quiz Categories
Sports
Geography
Music
Movies
Television
Just For Fun
Miscellaneous
History
Literature
Language
Science
Gaming
Entertainment
Religion
Holiday
For Kids
Quiz Lab
Recent
Popular Today
Quiz Kudos Today
Editor Picks
Curator Picks
Quizzes by...
Day
Popularity
Type
Ratings
Length
Year
Community
Subscriptions
Recent Discussions
Orange Saloon
Badges
Playlists
Quests
Create
Leaderboards
Showdown
Live 5
Trivia Bingo
Activity
Puzzle Library
Sporcle Events
Private Events
Virtual Trivia
Globe League
Become a Host
Pub Owners
SporcleCon
Opinionation
Our Games
Videos
Blog
Mobile Apps
Partnerships
Remove Ads and Go Orange
Feedback
Movies
Disney
Marvel Cinematic Universe
Movie Resume
Movie Titles
Oscar
Actor
Actress
Director
Pixar
Role
Movie Quotes
Movie Characters
Box Office
Nominee
Best Picture
Star Wars
James Bond
Horror Movies
Movies
Disney
Marvel Cinematic Universe
Movie Resume
Movie Titles
Oscar
Actor
Actress
Director
Pixar
Role
Movie Quotes
Movie Characters
Box Office
Nominee
Best Picture
Star Wars
James Bond
Horror Movies
Random Quiz
Search Sporcle
×
Quiz Lab
Quiz Lab
Movies
Quote
Type in answers that appear in a list
Type in answers that appear in a list
Classic
Best Score? Go Orange.
2011 Movie Opening Lines Stats
Can you name the opening lines of movies from 2011?
By
busterkuri
10m
13 Questions
174 Plays
174 Plays
174 Plays
Comments
Comments
Give Quiz Kudos
Give Quiz Kudos
-
- Ratings
hide this ad
Forced Order
Answers have to be entered in order
Answers have to be entered in order
Random Order
Randomize order of answers
Randomize order of answers
Replay
Link that replays current quiz
Next Quiz
Link to next quiz in quiz playlist
You Got
0%
They Got
Avg Score
25%
Avg Friend Score
Upgrade to see
Score Distribution
Jump to the score distribution portion of the page
Score
0/13
Timer
10:00
0
Plays Today
Opening Line
Movie
% Correct
My friends on the mainland think just because I live in Hawaii, I live in paradise.
The Descendants
60.3%
This is agent Leeland Turbo. I have a flash transmission for agent Finn McMissile.
Cars 2
51.7%
Dominic Toretto. You are hereby sentenced to server 25 years to life at the Lompoc Maximum Security Prison system, without the possibility of early parole.
Fast Five
48.9%
We were once a peaceful race of intelligent mechanical beings.
Transformers: The Dark of the Moon
32.8%
I was born 1911, Chicksaw County, Piedmont Plantation.
The Help
31.6%
There's a hundred-
thousand streets in this city. You don't need to know the route.
Drive
19.5%
Hey, how did you open your cell door?
Mission Impossible: Ghost Protocol
16.1%
'It's beautiful here.' 'It was our aunt's. We used to come here as kids.'
Harry Potter and the Deathly Hallows Part 2
14.4%
Mother. What are you...I thought you were a burglar.
X-Men: First Class
13.2%
There is a place. A place that knows no sadness, where even feeling blue is a happy thing.
The Smurfs
12.6%
I get to work before the sun comes up, and I leave long after it's gone down.
Horrible Bosses
11.5%
I won't talk! I won't say a word!
The Artist
10.9%
'What kind is it?' 'I don't know. White?'
The Girl with the Dragon Tattoo
4%
Quiz Playlist
Details
Report
Send in Message
Add To Playlist
Classic:
Type in answers that appear in a list
Forced Order:
Answers have to be entered in order
Random Order:
Randomize order of answers
Quiz Source
Last Updated: Feb 16, 2017
Quiz Scoreboard
CHALLENGE
Sign Up to Join the Scoreboard
Show All
Scores
Hide
Comments
May contain spoilers
Recently Published
Pick 6: Fruits
by JohnFran
Miscellaneous
15s
Click the 1999 NBA Draft
by nibperrychub
Sports
2m
Alphabetical 'K' Countries by Flag Minefield
by ylime102
Geography
3m
More to Explore
Quiz From the Vault
Featured Blog Post
15 Basketball Trivia Facts You Can Be March Mad About
hide this ad
You Might Also Like...
Tags
Nintendo Quiz
Quote Quiz
2011
Opening Line
Today's Top Quizzes in Movies
Browse Movies
hide this ad
Today's Top Quizzes in Quote
Browse Quote
Top Contributed Quizzes in Movies
1
Pick 6: Harry Potter
2
Pick 6: Movie Franchises
3
Pick 6: Actors
4
Pick 6: Actresses
5
Pick 6: Disney Princesses
6
Match The President To The Fictional Crisis
7
Marvel Movies: Who Wants to be a Millionaire? HARD
8
10 Quentin Tarantino Movies in Order
9
Movies of the Seasons
10
MCU Criteria: Avengers
Explore More
Trending Topics
NBA
Anime
Marvel
Disney
Crossword
Harry Potter
Kpop
Pokémon
Soccer
WWE
Country
The Office
NFL
Song
Puzzle
hide this ad
More By:
busterkuri
Quiz
Plays
Rating
Category
Featured
Created
2015 Movie Taglines
51,319
4.16
Movies
Dec 15, 2015
Oscar-Worthy MCU Movies
7,079
4.78
Movies
Dec 12, 2017
Video Game Title Drops
1,886
4.83
Gaming
Jul 17, 2014
Dreamworks Animated Quotes
737
3.75
Movies
Apr 8, 2014
IMDB's 50 Worst TV Series
656
4.83
Television
Sep 23, 2013
Go to Creator's Profile
Score Distribution
Quiz Creator Spotlight
busterkuri
Follow
Send a Message
Quizzes Created
-
Created Quiz Play Count
-
More By This Creator
Popular Quizzes Today
1
Find the US States - No Outlines Minefield
2
Countries of Asia Without Outlines Minefield
3
Pick 6: Fruits
4
The Countries of the World
5
Alphabetical 'K' Countries by Flag Minefield
6
Find the US States
7
Match the Book to the Film X
8
Click the 1999 NBA Draft
More Movies Quizzes
'E' First Word Missing in Two Words Movie Titles
Quiz Lab
Trending Quizzes
Pick 6: Harry Potter
Pick 6: Mountains
Pick 6: NFL Teams
Pick 6: Movie Franchises
Pick 6: Golfers
Recently Updated
Women's Final Four Teams by Year
bhenderson79
Presidents Quartet II
eogle
Anything But Clue(do)
eogle
Anything But Oceanian Capitals
eogle
Anything But 7
eogle
Anything But Thing
eogle
Word Ladder: February 29
pecheneg
Song Title Questions
pecheneg
Women's NCAA Tournament #1 Seeds
pecheneg
Celebrity Mug Shots
pecheneg
Trending Topics
Anime
Harry Potter
NBA
Marvel
Kpop
Disney
Crossword
WWE
Pokémon
Song
Puzzle
NFL
Country
The Office
Soccer
Your Account Isn't Verified!
In order to create a playlist on Sporcle, you need to verify the email address you used during registration. Go to your
Sporcle Settings
to finish the process.
Report this User
Report this user for behavior that violates our
Community Guidelines
.
Details:
Send Report
Go to the Sporcle.com Mobile Site →
Comments